Werke, in vier Bänden /

Uloženo v:
Podrobná bibliografie
Hlavní autor: Heine, Heinrich, 1797-1856
Médium: Kniha
Jazyk:German
Vydáno: Basel : Birkhäuser, 1956.
Edice:Birkhäuser-Klassiker.
LEADER 01298nam a2200301 i 4500
001 c000384937
003 CARM
005 00000000000000.0
008 s1956 sz 00000 ger d
019 1 |a 11635983  |5 LACONCORD2021 
035 |a (OCoLC)1203396  |5 LACONCORD2021 
040 |a VDU  |c VDU 
082 0 4 |a 830.6 
100 1 |a Heine, Heinrich,  |d 1797-1856. 
240 1 0 |a Works. 
245 1 0 |a Werke, in vier Bänden /  |c Heinrich Heine ; herausgegeben von Paul Stapf. 
260 |a Basel :  |b Birkhäuser,  |c 1956. 
300 |a 4 v. 
490 0 |a Birkhäuser-Klassiker. 
852 8 |b CARM  |h A3:AD28A0  |i A05571  |p 0475937  |f BK 
852 8 |b CARM  |h A3:AD28A0  |i A05571  |p 0475936  |f BK 
852 8 |b CARM  |h A3:AD28A0  |i A05571  |p 0475935  |f BK 
852 8 |b CARM  |h A3:AD28A0  |i A05571  |p 0475934  |f BK 
999 f f |i 245c9eb0-8cac-5151-8db0-98029c178f14  |s 18371476-5e66-5bd5-96e9-413d32945a6e 
952 f f |p Can circulate  |a CAVAL  |b CAVAL  |c CAVAL  |d CARM 1 Store  |e A05571  |f A3:AD28A0  |h Other scheme  |i book  |m 0475934 
952 f f |p Can circulate  |a CAVAL  |b CAVAL  |c CAVAL  |d CARM 1 Store  |e A05571  |f A3:AD28A0  |h Other scheme  |i book  |m 0475936 
952 f f |p Can circulate  |a CAVAL  |b CAVAL  |c CAVAL  |d CARM 1 Store  |e A05571  |f A3:AD28A0  |h Other scheme  |i book  |m 0475935 
952 f f |p Can circulate  |a CAVAL  |b CAVAL  |c CAVAL  |d CARM 1 Store  |e A05571  |f A3:AD28A0  |h Other scheme  |i book  |m 0475937